| 000 | 00812 a2200205 4500 | ||
|---|---|---|---|
| 008 | 080821t xxu||||| |||| 00| 0 eng d | ||
| 010 | _aENG-85045 | ||
| 020 |
_a8131701700 _c695.00 |
||
| 035 | _aEN-68578 | ||
| 037 | _bD.B.Act / Pub | ||
| 082 | _a501 | ||
| 100 | _aParthasarathi, A. | ||
| 245 |
_aTechnology at the core _bscience and technology with Indira Gandhi _cAshok Parthasarathi. |
||
| 246 | _aScience & technology with Indira Gandhi | ||
| 260 |
_aNew Delhi : _bDorling Kindersley (India), licensees of Pearson Education in South Asia, _c2007. |
||
| 300 |
_axix, 327 p. _c24 cm. (Hb) |
||
| 500 | _aIncludes index. | ||
| 942 |
_adpl _cEN _k501 / PAR _2ddc _h501 _mPAR |
||
| 999 |
_c945 _d945 |
||